=LDR 00000nam 2200000 4500 =001 INLIS000000000032762 =005 20130612134745 =008 ***********************************ind** =035 ##$$0010-061300000032762 =041 ##$$a ind =082 ##$$a 320 =090 ##$$a 320, Ari p =100 ##$$a Aristoteles =245 ##$$a Politik (La Politica), Aristoteles;Penyunting, Nino Cicero =260 ##$$a 2007 $b Jakarta =300 ##$$a ix,387 hlm, 20 cm =650 ##$$a Politik =700 ##$$a Cicero, Nina =850 ##$$a NBPNMAT